Govt. of
Madhya Pradesh

महिला पत्रकारिता का स्‍वरूप और विकास (Record no. 63583)

MARC details
000 -LEADER
fixed length control field 00521nam a22001577a 4500
003 - CONTROL NUMBER IDENTIFIER
control field OSt
005 - DATE AND TIME OF LATEST TRANSACTION
control field 20201008171126.0
008 - FIXED-LENGTH DATA ELEMENTS--GENERAL INFORMATION
fixed length control field 201008b xxu||||| |||| 00| 0 eng d
040 ## - CATALOGING SOURCE
Transcribing agency macl
082 ## - DEWEY DECIMAL CLASSIFICATION NUMBER
Classification number 070
100 ## - MAIN ENTRY--PERSONAL NAME
Personal name पाठक ,डॉ ममता
9 (RLIN) 80109
245 ## - TITLE STATEMENT
Title महिला पत्रकारिता का स्‍वरूप और विकास
260 ## - PUBLICATION, DISTRIBUTION, ETC. (IMPRINT)
Place of publication, distribution, etc. लखनऊ
Name of publisher, distributor, etc. भारत प्रकाशन
Date of publication, distribution, etc. 2017
650 ## - SUBJECT ADDED ENTRY--TOPICAL TERM
Topical term or geographic name as entry element पत्रकारिता
9 (RLIN) 80110
942 ## - ADDED ENTRY ELEMENTS (KOHA)
Source of classification or shelving scheme
Koha item type Hindi Books
Holdings
Withdrawn status Lost status Source of classification or shelving scheme Damaged status Not for loan Home library Current library Date acquired Cost, normal purchase price Total Checkouts Total Renewals Full call number Barcode Date last seen Date last checked out Price effective from Koha item type
          MACL MACL 08/10/2020 400.00 8 2 070 CRH038525 19/04/2025 19/02/2025 08/10/2020 Hindi Books